000 01401cam a22003015a 4500
999 _c15734
_d15734
003 EG-ScBUE
005 20200114141345.0
008 110725s1958 le f b 000 0 ara d
040 _aEG-ScBUE
_bara
_erda
_cEG-ScBUE
_dEG-ScBUE
041 1 _aara
_heng
082 0 4 _a809
_bهـ ا ي
_222
100 1 _926415
_aهايمن، ستانلي،‏
_d1919-1970،
_eمؤلف.
245 1 2 _aالنفد الأدبي ومدارسه الحديثة.
_nالجزء الأول /
_cتأليف ستانلي هايمن ؛ ترجمة الدكتور إحسان عباس، الدكتور محمد يوسف نجم.
264 1 _aبيروت ؛
_aالقاهرة ؛
_aنيويورك :
_bدار الثقافة :
_bمؤسسة فرنكلين المساهمة للطباعة والنشر،
_c1958.
300 _a336 صفحة ؛
_c26 سم
336 _2rdacontent
_aنص
_btxt
337 _2rdamedia
_aبدون وسيط
_bn
338 _2rdacarrier
_aمجلد
_bnc
504 _aيشتمل على إرجاعات ببليوجرافية.
546 _aالنص باللغة العربية وقد تم ترجمته من اللغة الإنجليزية.
590 _aeman
650 7 _aالأدب
_xتاريخ ونقد.
_2BUEsh
_915991
653 _cJuly2011
_bGGEN
655 _vReading book
700 1 _aعباس، إحسان،
_eمترجم.
_926419
700 1 _aنجم، محمد يوسف،
_eمترجم.
_926420
942 _2ddc
_cBB